Material Girl - Madonna (All Lyrics) - Statistics

General Stats
  • This quiz has been taken 599 times
  • The average score is 214 of 262
Answer Stats
Lyrics % Correct
I
100%
a
99%
girl.
98%
material
98%
who
97%
am
96%
in
96%
world
96%
and
95%
And
95%
we
94%
are
93%
living
93%
Living
93%
the
93%
boy
90%
me.
90%
me
90%
Some
88%
some
88%
boys
87%
Boys
87%
they
85%
They
85%
'Cause
84%
that
83%
then
82%
You
81%
you
81%
know
78%
ok.
77%
think
77%
don't
73%
they're
72%
just
71%
can
70%
Right.
70%
right
70%
right,
70%
kiss
69%
be.
68%
If
68%
away.
66%
But
66%
but
66%
That's
66%
that's
66%
is
65%
with
65%
see
63%
see.
63%
give
62%
hug
62%
all
61%
always
61%
walk
61%
my
60%
go.
59%
can't
58%
Mister
55%
them
54%
make
52%
to
51%
cash
50%
day.
50%
let
49%
cold
48%
come
48%
light.
48%
proper
48%
credit,
47%
hard
46%
have
46%
rainy
46%
may
44%
their
44%
beg
42%
now
41%
play.
41%
save
38%
after
37%
Only
37%
pennies
37%
everybody's
34%
plead.
34%
has
33%
made
32%
rich
32%
Experience
29%
interest,
29%
try
29%
lie,
28%
dance.
21%
raise
21%
slow
18%
romance.
16%
No matching quizzes found
Score Distribution
Percent of People with Each Score
Percentile by Number Answered
Your Score History
You have not taken this quiz